Rural diversification. (Record no. 100308)

MARC details
000 -LEADER
fixed length control field 00903cam a2200217 4500
008 - FIXED-LENGTH DATA ELEMENTS--GENERAL INFORMATION
fixed length control field 000000n2000 000 0 eng u
020 ## - INTERNATIONAL STANDARD BOOK NUMBER
International Standard Book Number 0728203316
035 ## - SYSTEM CONTROL NUMBER
System control number (Sirsi) u104967
100 ## - MAIN ENTRY--PERSONAL NAME
Personal name Prag, Peter
245 ## - TITLE STATEMENT
Title Rural diversification.
260 ## - PUBLICATION, DISTRIBUTION, ETC.
Place of publication, distribution, etc. London
Name of publisher, distributor, etc. Estates Gazette
Date of publication, distribution, etc. 2000
300 ## - PHYSICAL DESCRIPTION
Extent vii, 149p. ; 21cm.
350 ## - PRICE (NR) (BK AM CF MU VM SE) [OBSOLETE]
Price 19.50
520 ## - SUMMARY, ETC.
Summary, etc. This book is a comprehensive guide on how to embark upon a diversification scheme, looking at the different reasons for doing so, the ways in which they should be assessed and how a suitable project may then be implemented. Issues covered include finance, planning, marketing as well as the legal and tax aspects. SUPERSEDED BY 2ND EDITION (ISBN 0728203715)
650 ## - SUBJECT ADDED ENTRY--TOPICAL TERM
Topical term or geographic name entry element ALTERNATIVE ENTERPRISES
650 ## - SUBJECT ADDED ENTRY--TOPICAL TERM
Topical term or geographic name entry element DIVERSIFICATION
650 ## - SUBJECT ADDED ENTRY--TOPICAL TERM
Topical term or geographic name entry element FARM SHOPS
650 ## - SUBJECT ADDED ENTRY--TOPICAL TERM
Topical term or geographic name entry element FARM BUSINESSES
690 ## - LOCAL SUBJECT ADDED ENTRY--TOPICAL TERM (OCLC, RLIN)
Topical term or geographic name as entry element FARM BUSINESS MANAGEMENT
942 ## - ADDED ENTRY ELEMENTS (KOHA)
Suppress in OPAC 0
Holdings
Withdrawn status Lost status Source of classification or shelving scheme Damaged status Not for loan Home library Current library Shelving location Date acquired Cost, normal purchase price Total Checkouts Full call number Barcode Date last seen Copy number Cost, replacement price Price effective from Koha item type
    Dewey Decimal Classification     London London Basement 13/04/2000 16.57   RESERVE SHELF 326 30061088 06/08/2019 1 16.57 06/08/2019 Reference material